Quizzes
Events
Quiz Creation
Community
Videos
Private Events
Remove Ads
Sign In
Join for FREE
Feedback
Dark Mode
Quiz Categories
Sports
Geography
Music
Movies
Television
Just For Fun
Miscellaneous
History
Literature
Language
Science
Gaming
Entertainment
Religion
Holiday
For Kids
Quiz Lab
Recent
Popular Today
Quiz Kudos Today
Editor Picks
Curator Picks
Quizzes by...
Day
Popularity
Type
Ratings
Length
Year
Community
Subscriptions
Recent Discussions
Orange Saloon
Badges
Playlists
Quests
Create
Leaderboards
Showdown
Live 5
Trivia Bingo
Activity
Puzzle Library
Sporcle Events
Private Events
Virtual Trivia
Globe League
Become a Host
Pub Owners
SporcleCon
Opinionation
Our Games
Videos
Blog
Mobile Apps
Partnerships
Remove Ads and Go Orange
Feedback
Gaming
Video Games
Board Games
Card Games
Pokémon
Mario
Nintendo
Minecraft
Console
Toys
Legend of Zelda
Gaming
Video Games
Board Games
Card Games
Pokémon
Mario
Nintendo
Minecraft
Console
Toys
Legend of Zelda
Random Quiz
Search Sporcle
×
Quiz Lab
Quiz Lab
Gaming
Pokémon
Type in answers that appear in a list
Type in answers that appear in a list
Classic
Best Score? Go Orange.
Amazing Pokemon Abilities Stats
Can you name some of the best abilities?
By
20mschwartz
10m
50 Questions
80 Plays
80 Plays
80 Plays
Comments
Comments
Give Quiz Kudos
Give Quiz Kudos
-
- Ratings
hide this ad
Replay
Link that replays current quiz
Next Quiz
Link to next quiz in quiz playlist
You Got
0%
They Got
Avg Score
77%
Avg Friend Score
Upgrade to see
Score Distribution
Jump to the score distribution portion of the page
Score
0/50
Timer
10:00
0
Plays Today
Pokemon with this ability
Ability
% Correct
Blaziken
Speed Boost
95%
Gyarados
Intimidate
93.8%
Shedinja
Wonder Guard
92.5%
Azumarill
Huge Power
91.3%
Mega Kangaskhan
Parental Bond
91.3%
Talonflame
Gale Wings
90%
Machamp
No Guard
88.8%
Rotom
Levitate
88.8%
Aegislash
Stance Change
87.5%
All Ultra Beasts
Beast Boost
87.5%
Medicham
Pure Power
86.3%
Mega Gengar
Shadow Tag
86.3%
Togekiss
Serene Grace
86.3%
Porygon-
Z
Download
86.3%
Greninja
Protean
85%
Ditto
Imposter
85%
Sableye
Prankster
83.8%
Wishiwashi
Schooling
83.8%
Serperior
Contrary
82.5%
Haxorus
Mold Breaker
82.5%
Scizor
Technician
81.3%
Araquanid
Water Bubble
81.3%
Mega Gardevoir
Pixilate
80%
Gyarados
Moxie
80%
Dragonite
Multiscale
80%
Pokemon with this ability
Ability
% Correct
Furfrou
Fur Coat
80%
Mega Diancie
Magic Bounce
77.5%
Gliscor
Poison Heal
77.5%
Milotic
Marvel Scale
77.5%
Mega Lopunny
Scrappy
77.5%
Mega Salamence
Aerilate
76.3%
Salazzle
Corrosion
76.3%
Mega Beedrill
Adaptability
75%
Darmanitan
Sheer Force
75%
Clefable
Magic Guard
73.8%
Machamp
Guts
73.8%
Mudsdale
Stamina
73.8%
Bisharp
Defiant
71.3%
Scrafty
Shed Skin
68.8%
Galvantula
Compoundeyes
67.5%
Kingdra
Sniper
66.3%
Toxapex
Merciless
66.3%
Slowbro
Regenerator
65%
Smeargle
Moody
61.3%
Swoobat
Simple
60%
Hawlucha
Unburden
58.8%
Clefable
Unaware
57.5%
Starmie
Natural Cure
56.3%
Milotic
Competitive
53.8%
Yanmega
Tinted Lens
53.8%
Quiz Playlist
Details
Report
Send in Message
Add To Playlist
Classic:
Type in answers that appear in a list
Last Updated: Feb 16, 2017
Quiz Scoreboard
CHALLENGE
Sign Up to Join the Scoreboard
Show All
Scores
Hide
Comments
May contain spoilers
Recently Published
An Introduction to Baseball
by treessimontrees
Sports
5m
Movies - When Are They Set?
by FPL_Elf
Movies
5m
Popular People in 1961
by mucciniale
History
6m
More to Explore
Quiz From the Vault
Featured Blog Post
Where Did the Easter Bunny Come From?
hide this ad
You Might Also Like...
Tags
Pokémon Quiz
Ability
Amazing
Today's Top Quizzes in Gaming
Browse Gaming
hide this ad
Today's Top Quizzes in Pokémon
Browse Pokémon
Top Contributed Quizzes in Gaming
1
Destiny 2 exotic weapons by perk icons
2
5-to-1: Consoles
3
Ultimate Genshin Impact Logic Puzzle (up to 4.3)
4
7-to-1: Board Game Piece Blitz
5
5-to-1: Legend of Zelda
6
Franchise by Action Figure
7
Who's on the WWE 2K24 Cover?
8
Windmill: Pokémon
9
Genshin Impact Logic Puzzle Quiz
10
Legendary or Exotic?
Explore More
Trending Topics
Marvel
Disney
Anime
Crossword
NBA
Harry Potter
Kpop
Puzzle
NFL
Soccer
WWE
Country
Pokémon
The Office
Song
hide this ad
More By:
20mschwartz
Quiz
Plays
Rating
Category
Featured
Created
Tiny Details from the Harry Potter Books
306
4.71
Literature
Feb 17, 2017
Some of the Worst Pokemon Moves
134
3.00
Gaming
Feb 7, 2017
Amazing Pokemon Abilities
80
4.00
Gaming
Feb 10, 2017
Find the Correct Spellings of Words (American)
47
4.50
Language
Feb 2, 2017
Go to Creator's Profile
Score Distribution
Quiz Creator Spotlight
20mschwartz
Follow
Send a Message
Quizzes Created
-
Created Quiz Play Count
-
More By This Creator
Popular Quizzes Today
1
Find the Countries of Europe - No Outlines Minefield
2
Find the US States - No Outlines Minefield
3
The Countries of the World
4
Popular People in 1961
5
US States
6
Find the US States
7
1-10 Letter E Words III
8
Risky Map Clicking: Biggest States A-Z
More Gaming Quizzes
2018 Video Games by Cover
Quiz Lab
Trending Quizzes
Risky Map Clicking: Least Populous States A-Z
1-10 Letter F Words
1-10 Letter G Words
One Thing in Common: United Kingdom
Not Quite an Element Typing Challenge
Recently Updated
Leaping Animals
pecheneg
Reality TV Shows (A-Z)
bhenderson79
Rickey Henderson's Hall of Fame Teammates
pecheneg
Champions League XIs: Arsenal
pecheneg
Quick Pick: Celebrities in WWE's Hall of Fame
aduchscher
A-Z Keypad Blitz II
pecheneg
Multiple Oscar Actors
pecheneg
Mystery Phrase Blitz: Oscar 'Best Actors'
pecheneg
F. Scott Fitzgerald Novels
LTH
Pick 3 Villains
ddd62291
Trending Topics
Harry Potter
Kpop
Crossword
NBA
Anime
Marvel
Disney
The Office
WWE
Song
Puzzle
NFL
Soccer
Pokémon
Country
Your Account Isn't Verified!
In order to create a playlist on Sporcle, you need to verify the email address you used during registration. Go to your
Sporcle Settings
to finish the process.
Report this User
Report this user for behavior that violates our
Community Guidelines
.
Details:
Send Report
Go to the Sporcle.com Mobile Site →
Comments